000 00685nam a2200217Ia 4500
001 10271
003 GE_BSU
008 181216s||||||||xx |||||||||||||| ||und||
040 _cGE_BSU
080 _a821.353.1-32
100 _aტაბატაძე, კარლო
245 _aგადარჩენილი ხელადა
245 _bმოთხრობები
245 _cრედ:ს.სიგუა;მხატვ:.ვ.ორბელაძე
260 _aთბილისი.
260 _bსაბჭ.საქართველო
260 _c1974
300 _a169გვ;15სმ.
653 _aმოთხრობები
942 _cBK
999 _c43540
_d43540